Serie A managers - Statistics

General Stats
  • This quiz has been taken 134 times
  • The average score is 108 of 241
Answer Stats
Season Manager % Correct
2011-14 | 2019- Antonio Conte
97%
2010-14 | 2014-19 Massimiliano Allegri
96%
2014-15 | 2015-18 | 2019-20 Maurizio Sarri
96%
2014-15 | 2018-19 | 2020- Filippo Inzaghi
95%
2016- Simone Inzaghi
95%
2010-11 | 2011-14 | 2014-16 | +3 others Stefano Pioli
92%
2020- Andrea Pirlo
91%
2018-20 Carlo Ancelotti
91%
2010-11 | 2011-12 | 2012-13 | +2 others Gian Piero Gasperini
91%
2018-19 | 2019- Gennaro Gattuso
88%
2015-17 | 2017-19 Luciano Spalletti
86%
2010-11 | 2011-12 | 2019- | 2019-20 Claudio Ranieri
85%
2010-11 | 2013-15 Rafael Benitez
78%
2016-17 | 2017-18 | 2018- Roberto De Zerbi
77%
2014-16 Roberto Mancini
75%
2010-13 | 2013-15 | 2017-20 Walter Mazzarri
75%
2010-11 | 2011-12 | 2013-14 | +4 others Eusebio Di Francesco
72%
2010-11 | 2011-12 | 2012-15 | +3 others Vincenzo Montella
72%
2010-12 | 2013-15 | 2015-16 | +2 others Sinisa Mihajlovic
67%
2016-17 Frank De Boer
65%
2013-16 Rudi Garcia
65%
2020- Vincenzo Italiano
64%
2016-17 | 2016-18 | 2018-19 | 2019- Ivan Juric
63%
2019- Paulo Fonseca
63%
2013-14 Clarence Seedorf
62%
2010-11 | 2012-13 | 2015-16 | 2016-18 Luigi Del Neri
62%
2013-14 | 2016-18 | 2018-19 | 2019-20 Davide Nicola
61%
2010-11 | 2011-12 | 2015-16 | +3 others Marco Giampaolo
58%
2018-19 | 2020- Cesare Prandelli
57%
2011-13 | 2014-15 Andrea Stramaccioni
55%
2012-16 Giampiero Ventura
55%
2018-19 Gianmpietro Ventura
55%
2010-11 Gianpiero Ventura
55%
2012-13 | 2014-15 | 2016-17 Zdenek Zeman
55%
2011-12 Luis Enrique
51%
2010-14 Francesco Guidolin
46%
2010-11 Leonardo
46%
2019-20 Thiago Motta
46%
2010-11 | 2011-12 | 2012-13 | +4 others Davide Ballardini
45%
2010-11 | 2012-14 | 2015-16 Delio Rossi
45%
2011-12 Delio Rossi
45%
2010-12 | 2013-14 | 2014-16 Edoardo Reja
45%
2015-16 Christian Brocchi
44%
2012-14 Vladimir Petkovic
43%
2017-18 | 2018-20 Igor Tudor
41%
2012-13 | 2018-19 | 2019-20 Aurelio Andreazzoli
40%
2010-11 | 2011-15 | 2015-18 Roberto Donadoni
39%
2011-15 | 2015-16 Stefano Colantuono
39%
2010-11 | 2012-13 | 2014-16 | +5 others Giuseppe Iachini
37%
2018-20 Roberto D'Aversa
37%
2019- Luca Gotti
36%
2017-18 | 2018-19 Marco Baroni
36%
2015-16 | 2017-18 | 2019-20 Walter Zenga
36%
2019-20 Fabio Grosso
35%
2015-17 Paulo Sousa
35%
2010-11 Diego Simeone
33%
2013-14 | 2019-20 | 2020- Fabio Liverani
33%
2017-20 Leonardo Semplici
33%
2012-14 | 2014-18 | 2018-20 | 2020- Rolando Maran
33%
2013-14 Rolando Maran
33%
2013-14 | 2016-17 | 2019-20 Diego Lopez
28%
2017-18 Diego Lopez
28%
2016-17 Stefano Vecchi
28%
2010-11 | 2011-12 | 2012-13 Serse Cosmi
27%
2013-16 | 2016-17 Andrea Mandorlini
26%
2012-13 Ciro Ferrara
26%
2010-11 | 2011-12 | 2012-13 | 2013-14 Alberto Malesani
25%
2012-13 | 2013-15 | 2016-17 | 2019-20 Eugenio Corini
25%
2014-15 Gianfranco Zola
24%
2012-13 | 2020- Giovanni Stroppa
23%
2015-16 Fabrizio Castori
22%
2016-17 | 2017-18 Massimo Oddo
21%
2018-19 | 2019-20 Moreno Longo
20%
2010-11 | 2011-13 | 2013-14 | +2 others Domenico Di Carlo
18%
2011-13 | 2013-14 | 2015-16 Luigi De Canio
16%
2015-16 Roberto Stellone
16%
2011-12 Emiliano Mondonico
15%
2016-17 Giovanni Martusciello
15%
2015-16 Giovanni Tedesco
15%
2010-11 | 2011-12 Pasquale Marino
15%
2011-12 Attilio Tesser
13%
2012-13 | 2017-18 Cristian Bucchi
13%
2017-19 Lorenzo D'Anna
13%
2019-20 Luigi Di Biagio
13%
2010-11 | 2011-12 | 2014-15 Pierpaolo Bisoli
13%
2015-16 Walter Novellino
12%
2010-11 | 2011-12 Bortolo Mutti
11%
2011-12 | 2012-13 | 2013-14 | 2015-16 Giuseppe Sannino
9%
2018-19 Julio Velazquez
9%
2010-11 | 2011-12 Mario Beretta
9%
2010-11 Alberto Cavasin
8%
2010-11 | 2011-12 | 2011-13 Massimo Ficcadenti
8%
2016-18 Massimo Rastelli
8%
2011-12 Devis Mangia
6%
2010-12 Franco Colomba
6%
2012-13 | 2013-14 Ivo Pulga
6%
2013-14 Maurizio Pellegrino
6%
2014-15 Gianluca Festa
4%
2011-12 Vincenzo Guerini
3%
2011-12 Daniele Arrigoni
2%
2010-11 Paolo Magnani
2%
2013-14 Attilio Perotti
1%
2012-13 Cristiano Bergodi
1%
2016-17 Diego Bortoluzzi
1%
2015-16 Fabio Viviani
1%
2015-16 Giovanni Bosi
1%
No matching quizzes found
Score Distribution
Percent of People with Each Score
Percentile by Number Answered
Your Score History
You have not taken this quiz